Van Halen or Europe? - Statistics

General Stats
  • This quiz has been taken 37 times
  • The average score is 25 of 30
Answer Stats
Hint Answer % Correct
The Final Countdown Europe
94%
Panama Van Halen
94%
Runnin' With The Devil Van Halen
94%
Ain't Talking About Love Van Halen
94%
Hot For Teacher Van Halen
94%
Why Can't This Be Love Van Halen
94%
You Really Got Me Van Halen
94%
1984 Van Halen
94%
Superstitious Europe
91%
Dance The Night Away Van Halen
91%
Carrie Europe
88%
Jump Van Halen
88%
Heart Of Stone Europe
84%
Dreams Van Halen
84%
Eruption Van Halen
84%
Right Now Van Halen
84%
Open Your Heart Europe
81%
Sign Of The Times Europe
81%
Time Has Come Europe
81%
Love Chaser Europe
81%
Stormwind Europe
81%
Rock The Night Europe
78%
Wings Of Tomorrow Europe
78%
I'll Wait Van Halen
78%
Cherokee Europe
75%
Danger On The Track Europe
75%
Drop Dead Legs Van Halen
75%
Tomorrow Europe
69%
Can't Stop Lovin' You Van Halen
69%
Dreamer Europe
50%
No matching quizzes found
Score Distribution
Percent of People with Each Score
Percentile by Number Answered
Your Score History
You have not taken this quiz